=LDR 00000nam 2200000 4500 =001 INLIS000000000007530 =005 20200429114835 =035 ##$$a 0010-061300000007530 =008 200429################g##########0#ind## =041 ##$$a Ind =082 ##$$a 2x3 =090 ##$$a 2x3, Hal k =100 #$$a Halimuddin =245 1#$$a Kembali kepada akidah Islam, /$c Halimuddin, SH =260 ##$$a Jakarta :$b Rineka Cipta,$c 1990 =300 ##$$a 132 hlm., ; $c 14 x 21 cm =650 #4$$a Aqidah Islam =850 ##$$a NBPNMAT =084 ##$$a 2x3 HAL k =250 ##$$a cet.1 =990 ##$$a 54.710/Pro-93 =990 ##$$a 00051443 =990 ##$$a 0001/BPAP-NTB/2015